Národný záujem a zodpovednosť v slovenskej zahraničnej politike od geopolitickej ilúzie k euroatlantickej integrácii

Enregistré dans:
Détails bibliographiques
Auteur principal: Weiss, Peter
Format: Livre
Langue:slovaque
Publié: Bratislava Kalligram 2009
Collection:Domino
Sujets:
Tags: Ajouter un tag
Pas de tags, Soyez le premier à ajouter un tag!

MARC

LEADER 00000nam a2200000 4500
001 0134657
005 20240502072518.9
020 |a 978-80-8101-195-5 
041 0 |a slo 
044 |a SK 
245 1 0 |a Národný záujem a zodpovednosť v slovenskej zahraničnej politike  |b od geopolitickej ilúzie k euroatlantickej integrácii  |c Peter Weiss 
264 1 |a Bratislava  |b Kalligram  |c 2009 
300 |a 496 s. 
490 1 |a Domino 
830 0 |a Domino 
610 2 0 |a politika zahraničná 
610 2 0 |a integrácia ekonomická medzinárodná 
610 2 0 |a vzťahy medzinárodné 
610 2 0 |a Európska únia 
610 2 0 |a Slovensko 
610 2 0 |a referendum 
610 2 0 |a eurozóna 
610 2 0 |a NATO 
100 1 |a Weiss, Peter